000 00368 a2200145 4500
001 47911
040 _cAnchieta - Aquarius
100 _a Universidade Federal do Espírito Santo
240 1 0 _aColetânea de Contos & Crônicas
_lpor
245 1 0 _aColetânea de Contos & Crônicas
300 _a206
362 0 _a2015
650 4 _aLiteratura brasileira
942 _cBK
999 _c47911
_d47911